01097nam a2200205 a 4500008004100000050002300041110004500064245008500109250001700194260001700211300002900228650003100257650002800288650004400316995013200360995013200492999001700624952012500641952012500766150806s2015 ||||||||||||||||| || u aZAM HC 517.R42 Zam aThe Government of the Republic of Zambia10aZambia review. (15th edition)cby The Government of the Republic of Zambia (GRZ) a15th edition aLusakac2015 a136 pages : illustration aECONOMIC ACTIVITIES-ZAMBIA aECONOMIC SECTORS-ZAMBIA aECONOMIC AND SOCIAL DEVELOPMENT--ZAMBIA aSPECIAL COLLECTIONSe3526FCBU-MAIN LIBRARY (Kitwe)jZAM HC 517.R42 ZamM5UAVAILABLEWApr 10, 2018yB3526ZZambiana Collection aSPECIAL COLLECTIONSe3525FCBU-MAIN LIBRARY (Kitwe)jZAM HC 517.R42 ZamM4UAVAILABLEWApr 10, 2018yB3525ZZambiana Collection c83411d83411 00102lcc4070a001b001cZambiana Collectiond2023-10-30l0oZAM HC 517.R42 ZampB3526r2023-10-30t1w2023-10-30y023 00102lcc4070a001b001cZambiana Collectiond2023-10-30l0oZAM HC 517.R42 ZampB3525r2023-10-30t2w2023-10-30y023